Normal view
MARC view
- المنصور، كاسر نصر
Entry Personal Name
001 - CONTROL NUMBER
- control field: 28804
003 - CONTROL NUMBER IDENTIFIER
- control field: JO-AjAnu
005 - DATE AND TIME OF LATEST TRANSACTION
- control field: 20230606074858.0
008 - FIXED-LENGTH DATA ELEMENTS
- fixed length control field: 230606|| aca||aabn | a|a d
040 ## - CATALOGING SOURCE
- Original cataloging agency: JO-AjAnu
- Transcribing agency: JO-AjAnu
100 ## - HEADING--PERSONAL NAME
- Personal name: المنصور، كاسر نصر
670 ## - SOURCE DATA FOUND
- Source citation: Work cat.: (JO-AjAnu)14785: المنصور، كاسر نصر , author, ادارة العمليات الانتاجية الاسس النظرية والطرائق الكمية